Responses for Show #2227 - Tuesday, April 19, 1994

Contestants

[<< previous game]

Mike Laser, a writer from New York City, New York

Ruth Bargy, a writer from Randolph, New York (whose 1-day cash winnings total $8,800)

Kevin Moran, a book publishing executive from Astoria, New York (whose 2-day cash winnings total $21,800)

[next game >>]

Jeopardy! Round responses

AMERICAN HISTORY
ACTORS & ACTRESSES
SUPERSTITIONS
MUSIC
DOCTORS' TOOLS
FOREIGN WORDS & PHRASES
    $100 1
The Alamo

Ruth
    $100 2
Macaulay Culkin

Kevin
    $100 10
an umbrella

Mike
    $100 14
an operetta

Mike
    $100 26
a tongue depressor

Mike
    $100 5
Nero

Kevin
    $200 3
Medicare

Kevin
    $200 7
(Robert) Reed

Ruth
    $200 17
hair

Mike
    $200 15
Cuban

Mike
    $200 27
a thermometer

Kevin
    $200 9
Excuse me!

Ruth
    $300 4
Common Sense

Mike
    $300 8
Li'l Abner

Mike
    $300 19
talking about you

Mike
    $300 16
a cat

Ruth
    $300 28
a stethoscope

Kevin
    $300 11
achtung

Mike
    $400 6
Ben Franklin

Ruth
    $400 22
(Marsha) Mason

Ruth
    $400 24
your eyebrows

Kevin
    $400 18
(Mike: What is a sixteenth note?)

a thirty-second note

RuthMike
    $400 29
(Ruth: What's a subcutaneous syringe?)
(Alex: Oh, gosh. Give me a simpler word for it.)
...
(Alex: [*]. That's what we're going for. Don't complicate things on our program.)

a hypodermic syringe

Ruth
    $400 12
(Mike: What is pinot?)

raisin

Mike
Triple Stumper
    $500 21
Coronado

Kevin
    $500 23
(Alex: It was Durham University in [*].)

England

Triple Stumper
    $500 25
golf

Ruth
    $500 20
a bagpipe

Kevin
    $500 30
a hammer

Kevin
    $500 13
a river

Triple Stumper

Scores at the first commercial break (after clue 15):

Kevin Ruth Mike
$400 $900 $900

Scores at the end of the Jeopardy! Round:

Kevin Ruth Mike
$2,800 $2,900 $1,100

Double Jeopardy! Round responses

THE 1960s
PEAKS & VALLEYS
HERBS & SPICES
BIBLE BOOKS & AUTHORS
ESPIONAGE
LITERARY POTPOURRI
    $200 16
(Fidel) Castro

Mike
    $200 21
tea

Mike
    $200 11
Moses

Mike
    $200 6
Mata Hari

Kevin
    $200 1
winter

Ruth
    $400 17
Roger Maris

Mike
    $400 22
ginger

Ruth
    $400 12
the Temple

Mike
    $400 7
(Mike: Who is Benedict Arnold?)

Nathan Hale

KevinMike
    $400 2
(Mike: What is point of [*]?)

view

Mike
    $1,500 18
John F. Kennedy

Mike
    $600 28
[The end-of-round signal sounds.]

the Matterhorn

Triple Stumper
    $600 23
yellow

Kevin
    $600 13
Solomon

Ruth
    $600 8
Israel

Kevin
    $600 3
Russian

Mike
    $800 19
the Star of India

Ruth
    $800 26
Brunei

Kevin
    $800 24
(Ruth: What is vinegar?)
...
(Alex: We have less than a minute to go.)

oil

Ruth
Triple Stumper
    $800 14
Nebuchadnezzar

Kevin
    $800 9
the U-2

Kevin
    $800 4
(Jonathan) Swift

Kevin
    $1000 20
(Ruth: What is France?)

the Netherlands

Ruth
Triple Stumper
    $1000 27
Aconcagua

Triple Stumper
    $1000 25
bouquet garni

Mike
    $500 15
(Kevin: Who is Isaiah?)

Ezekiel

Kevin
    $1000 10
(Allan) Pinkerton

Mike
    $1000 5
Mitford

Ruth

Scores at the end of the Double Jeopardy! Round:

Kevin Ruth Mike
$7,300 $4,100 $6,600

[wagering suggestions for these scores]

Final Jeopardy! Round responses

BRITISH ROYALTY
(Alex: Prince Charles first, then his sons, then Prince Andrew, and then his firstborn, who is [*]?)
RuthWho is Beatrice?
$2,699
MikeWho is
$6,600
KevinWho is Princess Anne
$5,901
Beatrice

Final scores:

Kevin Ruth Mike
$1,399 $6,799 $0
2nd place: trip to Tampa, Florida 2-day champion: $15,599 3rd place: Panasonic camcorder

Game dynamics:

Coryat scores:

Kevin Ruth Mike
$7,800 $4,100 $5,700
17 R
(including 1 DD),
1 W
(including 1 DD)
14 R,
2 W
19 R
(including 1 DD),
3 W

Combined Coryat: $17,600

[game clues] [game scores] [suggest correction]

Game tape date: 1994-01-12
The J! Archive is created by fans, for fans. Scraping, republication, monetization, and malicious use prohibited; this site may use cookies and collect identifying information. See terms. The Jeopardy! game show and all elements thereof, including but not limited to copyright and trademark thereto, are the property of Jeopardy Productions, Inc. and are protected under law. This website is not affiliated with, sponsored by, or operated by Jeopardy Productions, Inc. Join the discussion at JBoard.tv.